Dhumalile mattu mugilugalu (Record no. 143302)
[ view plain ]
| 000 -LEADER | |
|---|---|
| fixed length control field | 00554nam a2200181Ia 4500 |
| 003 - CONTROL NUMBER IDENTIFIER | |
| control field | OSt |
| 005 - DATE AND TIME OF LATEST TRANSACTION | |
| control field | 20240402164538.0 |
| 008 - FIXED-LENGTH DATA ELEMENTS--GENERAL INFORMATION | |
| fixed length control field | 210210b1959 xxu||||| |||| 00| 0 eng d |
| 040 ## - CATALOGING SOURCE | |
| Transcribing agency | AL |
| 041 ## - LANGUAGE CODE | |
| Language code of text/sound track or separate title | Kannada |
| 082 ## - DEWEY DECIMAL CLASSIFICATION NUMBER | |
| Classification number | 852/616 |
| 100 ## - MAIN ENTRY--PERSONAL NAME | |
| Personal name | SITARAMAYYA (M V) |
| 9 (RLIN) | 44541 |
| Dates associated with a name | ಎಂ.ವಿ.ಸೀತಾರಾಮಯ್ಯ |
| 245 ## - TITLE STATEMENT | |
| Title | Dhumalile mattu mugilugalu |
| Remainder of title | ಧೂಮಲೀಲೆ ಮತ್ತು ಮುಗಿಲುಗಳು |
| 260 ## - PUBLICATION, DISTRIBUTION, ETC. | |
| Place of publication, distribution, etc. | Bengaluru |
| Name of publisher, distributor, etc. | Raghava Prakashana |
| Date of publication, distribution, etc. | 1959 |
| 690 ## - LOCAL SUBJECT ADDED ENTRY--TOPICAL TERM (OCLC, RLIN) | |
| Topical term or geographic name as entry element | Kannada Prose |
| 9 (RLIN) | 44542 |
| 906 ## - LOCAL DATA ELEMENT F, LDF (RLIN) | |
| a | 019182 |
| 942 ## - ADDED ENTRY ELEMENTS (KOHA) | |
| Source of classification or shelving scheme | Dewey Decimal Classification |
| Koha item type | Book |
| Withdrawn status | Lost status | Source of classification or shelving scheme | Damaged status | Not for loan | Collection code | Home library | Current library | Date acquired | Cost, normal purchase price | Total Checkouts | Full call number | Barcode | Date last seen | Price effective from | Koha item type |
|---|---|---|---|---|---|---|---|---|---|---|---|---|---|---|---|
| Dewey Decimal Classification | Kannada | St Aloysius Library | St Aloysius Library | 02/17/2021 | 0.00 | 852/616 | 019182 | 02/17/2021 | 02/17/2021 | Book | |||||
| Dewey Decimal Classification | Kannada | St Aloysius Library | St Aloysius Library | 02/17/2021 | 0.00 | 852/617 | 019183 | 02/17/2021 | 02/17/2021 | Book | |||||
| Dewey Decimal Classification | Kannada | St Aloysius Library | St Aloysius Library | 02/17/2021 | 0.00 | 852/618 | 019184 | 02/17/2021 | 02/17/2021 | Book | |||||
| Dewey Decimal Classification | Kannada | St Aloysius Library | St Aloysius Library | 02/17/2021 | 0.00 | 852/619 | 019185 | 02/17/2021 | 02/17/2021 | Book |